000 01507na a2200397 4500
999 _c8831
_d8831
001 20084
003 MIRAKIL
005 20200710110918.0
008 170117b tu 000 0
035 _a20084
040 _aMilas
_btur
_cTR-AnCHP
041 _atur
082 _aCHP 324.2372
_bC36p 1931
090 _aBROŞÜR 388
110 _aCumhuriyet Halk Partisi (CHP)
222 _aProgramlar
245 _aC.H.F. Programı
_b1931
_cCumhuriyet Halk Fırkası
246 _aCHP programı
246 _aCumhuriyet Halk Partisi programı
246 _aCHP 1931 programı
246 _aCHF programı
260 _aAnkara
_b[CHP]
_c1931
_fİstanbul Devlet Matbaası
300 _a39, iv s.
_c13x10 sm.
440 _aCumhuriyet Halk Partisi yayınları
_pProgramlar
500 _aKütüphaneciden çevrimdışı versiyonu sağlanabilir.
500 _aDış kapakta başka yapıt adı : C.H.F. Programı: Fırkanın üçüncü büyük kongresi tarafından kabul olunmuştur -1931.
610 _aCumhuriyet Halk Partisi (CHP)
_xProgramlar, 1931
610 _aCumhuriyet Halk Partisi (CHP)
_xKurultaylar, 1931
651 _aTürkiye
_xSiyaset ve yönetim
_y1931-1935
740 _aC.H.F. Programı: Fırkanın üçüncü büyük kongresi tarafından kabul olunmuştur -1931
830 _aCHP programları
942 _2ddc
_cBKS
999 _d8831